Statistiken für Setze den Text fort

Klicken Sie hier um das Quiz zu spielen!

Allgemein

  • Dieses Quiz wurde 31 mal gespielt
  • Das Durchschnittsergebnis liegt bei 2 aus 10

Antwortstatistiken

HintAntwort% Korrekt
Radiohead-Creep (6) - When you were here beforeCouldn't look you in the eye
43%
George Ezra-Budapest (4) - My house in BudapestMy hidden treasure chest
43%
Adele-When We Were Young (5) - Everybody loves the things you doFrom the way you talk
39%
Coolio, L.V.-Gangsta's Paradise (12) - As I walk through the valley of the shadow of death
I take a look at my life,and realize there's nothing left
18%
Kelly Clarkson-Stronger (What Doesn't Kill You) (3) You know the bed feels warmerSleeping here alone
18%
Stevie Wonder- Pastime Paradise (5) - Been spending most their timeLiving in a pastime paradise
7%
The Beatles-All You Need Is Love (8) . Love (x9) There's nothing you can do that can't be doneNothing you can sing that can't be sung
7%
Lenny Kravitz - Are You Gonna Go My Way (7) - I was born long agoI am the chosen, I'm the one
4%
Tina Turner-We Don't Need Another Hero (4) - Out of the ruinsOut from the wreckage
4%
Survivor-Burning Heart (2) - Two worlds collideRival nations
4%

Verteilung der Resultate

Perzentil nach korrekt beantworteten Fragen

Anzahl Personen mit jedem Resultat

Ihre Resultats-Entwicklung

Sie haben dieses Quiz noch nicht gespielt